000 00347nam a22001577a 4500
003 OSt
005 20240322155145.0
008 170803b xxu||||| |||| 00| 0 eng d
020 _a978-8124104989
040 _cSEROSOFT
100 _aDR.MITTAL ,P.K
245 _aMECHANICS
260 _aDELHI
_bS J PUB
_c2003
300 _a178
942 _2ddc
_c03
999 _c36052
_d36052